| 000 | 00884cam a22002655a 4500 | ||
|---|---|---|---|
| 001 | 008743029 | ||
| 005 | 20201124142510.0 | ||
| 008 | 801201t1979 enka fr 001 0 eng d | ||
| 020 | _a049102309X | ||
| 040 |
_aUk _cUk _beng _dEG-ScBUE |
||
| 082 | 0 | 4 |
_a330.015195 _222 _bHOY |
| 100 | 1 | _aHoyle, Ken. | |
| 245 | 1 | 0 |
_aBusiness statistics and accounting made simple / _cby Ken Hoyle and Geoffrey Whitehead. |
| 260 |
_aLondon : _bW. H. Allen, _cc.1979. |
||
| 300 |
_axii, 350 p. : _bill. ; _c22 cm. |
||
| 490 | 0 |
_aMade simple books, _x0464-2902 |
|
| 500 | _aIncludes index. | ||
| 650 | 7 |
_aAccounting. _2BUEsh _99036 |
|
| 650 | 7 |
_aBusiness _xStatistical methods. _2BUEsh |
|
| 650 | 1 |
_aStatistics. _2BUEsh |
|
| 653 |
_bBUSADM _cApril2018 |
||
| 690 | 7 |
_aManagement and Business Studies _2blcoll |
|
| 886 | 2 |
_2ukmarc _a900 _b10 _aWhitehead _hG. M. _xSee _aWhitehead, Geoffrey _z100 |
|
| 942 | _2ddc | ||
| 999 |
_c26576 _d26548 |
||